[Event "Challenge"]
[Site "http://www.queenalice.com/game.php?id=1227352"]
[Date "2013.10.26"]
[Round "-"]
[White "recchdegomm1"]
[Black "daviciranda"]
[Result "0-1"]
[WhiteElo "1321"]
[BlackElo "1491"]

1. d4 d5 2. c4 e6 3. Nc3 Be7 4. Qa4+ Nc6 5. a3 Bf6 6. Be3 Ne7 7. g4 h6 8. O-O-O
Bd7 9. b4 Nxd4 10. b5 a6 11. Bxd4 Bxd4 12. Rxd4 axb5 13. Qc2 bxc4 14. e4 Rxa3
15. Qb2 Qa8 16. exd5 Ra1+ 17. Nb1 exd5 18. Rd2 Bxg4 19. f3 Bf5 20. Qxg7 Rxb1#
0-1

[Event "AUTO-INT-2761"]
[Site "http://www.queenalice.com/game.php?id=1233412"]
[Date "2013.11.19"]
[Round "1"]
[White "pride"]
[Black "daviciranda"]
[Result "1-0"]
[WhiteElo "1561"]
[BlackElo "1482"]

1. e4 e5 2. d4 d6 3. Bc4 Qf6 4. Nf3 Nd7 5. Bg5 Qg6 6. Nc3 h6 7. Be3 a6 8. Nd5
Kd8 9. Nh4 Qxe4 10. f3 Qxh4+ 11. Bf2 Qh5 12. Qd2 Qg6 13. g4 Ne7 14. Bd3 Nxd5 15.
Bxg6 fxg6 16. h4 Be7 17. c4 Nf4 18. dxe5 Nxe5 19. c5 Ng2+ 20. Kf1 Nxh4 21. Bxh4
g5 22. Bg3 Nxf3 23. Qd3 Bxg4 24. Kf2 Rf8 25. Kg2 Nh4+ 26. Kh2 Nf5 27. Rhg1 Kd7
28. Be5 Bh5 29. b4 Bg6 30. Rgd1 Nh4 31. Qh3+ Kc6 32. Qe6 Rf2+ 33. Kg1 Re8 34.
Kxf2 Bf8 35. Qd5+ Kd7 36. Qxb7 Rxe5 37. c6+ Kd8 38. Qb8+ Ke7 39. Qxc7+ Ke6 40.
Qd7+ Kf6 41. Qd8+ Be7 42. Qd7 Rf5+ 43. Ke2 Re5+ 44. Kd2 Rd5+ 45. Kc3 Rb5 46.
Rf1+ Nf5 47. Rae1 Rd5 48. Qe6# 1-0

[Event "AUTO-INT-2761"]
[Site "http://www.queenalice.com/game.php?id=1233413"]
[Date "2013.11.19"]
[Round "1"]
[White "daviciranda"]
[Black "pride"]
[Result "1-0"]
[WhiteElo "1489"]
[BlackElo "1642"]

1. d4 e5 2. d5 Bc5 3. e4 Qf6 4. Nf3 d6 5. Bd2 c6 6. Bc3 Nh6 7. h3 b5 8. dxc6
Nxc6 9. Bxb5 Bd7 10. a3 Rb8 11. Bc4 O-O 12. Nbd2 Qd8 13. Nb3 Be6 14. Qe2 Nd4 15.
Nfxd4 Bxc4 16. Qxc4 Rc8 17. Qd5 exd4 18. Nxd4 Re8 19. O-O-O Re5 20. Qb3 Qg5+ 21.
Kb1 Rxe4 22. Nf3 Qxg2 23. Rhg1 Qxf3 24. Rxg7+ Kf8 25. Rxh7 Qxd1+ 26. Ka2 Rc7 27.
Rh8+ Ng8 28. h4 Rg4 29. Qb8+ Ke7 30. Qxc7+ Kf8 31. Qd8# 1-0

[Event "AUTO-INT-2761"]
[Site "http://www.queenalice.com/game.php?id=1233424"]
[Date "2013.11.19"]
[Round "1"]
[White "jamba"]
[Black "daviciranda"]
[Result "1-0"]
[WhiteElo "1605"]
[BlackElo "1487"]

1. d4 d5 2. e3 e6 3. a3 Bd7 4. f4 Be7 5. Qg4 Bf6 6. Bd3 Bc6 7. Nf3 h6 8. Nbd2
Nd7 9. f5 Qe7 10. fxe6 fxe6 11. Bg6+ Kd8 12. O-O Nf8 13. Bd3 Nd7 14. e4 dxe4 15.
Nxe4 a6 16. c4 Nb6 17. c5 Nd5 18. h4 Qf7 19. Ne5 Bxe5 20. Rxf7 Bxd4+ 21. Kh1
Ndf6 22. Rf8+ Ne8 23. Qxe6 Rc8 24. Bf4 Bd7 25. Qd5 Bxb2 26. Rb1 Bxa3 27. Rxb7
Ke7 28. Qf7+ Kd8 29. Nd6 Ra8 30. Nxe8 Bc6 31. Qxc7# 1-0

[Event "AUTO-INT-2761"]
[Site "http://www.queenalice.com/game.php?id=1233425"]
[Date "2013.11.19"]
[Round "1"]
[White "daviciranda"]
[Black "jamba"]
[Result "0-1"]
[WhiteElo "1493"]
[BlackElo "1616"]

1. d4 d5 2. e3 e6 3. Bd2 g6 4. Bc3 Bg7 5. Nd2 Nc6 6. Be2 Nf6 7. h3 Bd7 8. Nb3
Ne4 9. Qd3 Qf6 10. Bf3 Nxc3 11. Qxc3 b5 12. a3 a5 13. Nd2 b4 14. axb4 Nxb4 15.
Ne2 Qf5 16. Ng3 Nxc2+ 17. Kf1 Nxa1 18. Nxf5 gxf5 19. Qxc7 Bb5+ 20. Kg1 O-O 21.
Kh2 Nc2 22. Qxc2 Rfc8 23. Qb3 Ba6 24. Ra1 Rab8 25. Qa4 Rxb2 26. Qxa5 Bd3 27. Qa3
Rxd2 28. Kg3 f4+ 29. Kxf4 Bh6+ 30. Kg3 Bf8 31. Qa5 Bd6+ 32. Kg4 f5+ 33. Kg5 Rxf2
34. Qa6 Bxa6 35. Rxa6 Be7+ 36. Kf4 Kf7 37. Ke5 Rc3 38. Kf4 Kf6 39. Kg3 Rf1 40.
Bxd5 Rxe3+ 41. Kh2 Rd1 42. Bf3 Rxd4 43. Kg3 h5 44. h4 f4+ 45. Kh3 Kf5 46. Ra7
Bf6 47. Rh7 Kg6 48. Rxh5 Rxf3+ 49. Kg4 Rg3# 0-1

[Event "AUTO-INT-2761"]
[Site "http://www.queenalice.com/game.php?id=1233430"]
[Date "2013.11.19"]
[Round "1"]
[White "amadeo"]
[Black "daviciranda"]
[Result "1-0"]
[WhiteElo "1461"]
[BlackElo "1511"]

1. e4 e5 2. Nf3 d6 3. Bb5+ Bd7 4. Qe2 a6 5. Bc4 Qf6 6. d3 Ne7 7. Bg5 Qg6 8. Nc3
Bc6 9. O-O h6 10. Bh4 Nd7 11. Nd5 O-O-O 12. Bxe7 Re8 13. Nh4 Qh7 14. Bxf8 Rexf8
15. Ne7+ Kb8 16. Nxc6+ bxc6 17. Bxa6 Nb6 18. Nf5 Re8 19. Qg4 g6 20. Ne3 h5 21.
Qf3 f6 22. Qxf6 Nd7 23. d4 Rhf8 24. Qg5 exd4 25. Nc4 Rxe4 26. Rae1 Rg4 27. Re7
Qg8 28. Rxd7 Rxg5 29. Na5 Qd5 30. g3 d3 31. cxd3 h4 32. Bc4 h3 33. Bxd5 cxd5 34.
Nc6+ Kc8 35. Rh7 Kb7 36. Na5+ Kb6 37. Nb3 Re8 38. Rxh3 Re2 39. f4 Rf5 40. Rb1 g5
41. Nd4 g4 42. Nxf5 gxh3 43. d4 Rg2+ 44. Kh1 Rd2 45. a4 Rd3 46. b3 Ka5 47. Rb2
Kb4 48. Rb1 Rd2 49. Ne3 Rxd4 50. Nc2+ 1-0

[Event "AUTO-INT-2761"]
[Site "http://www.queenalice.com/game.php?id=1233431"]
[Date "2013.11.19"]
[Round "1"]
[White "daviciranda"]
[Black "amadeo"]
[Result "1-0"]
[WhiteElo "1476"]
[BlackElo "1400"]

1. e4 e5 2. a3 Nf6 3. d3 Bc5 4. Bd2 Ng4 5. Qxg4 Qf6 6. Nf3 O-O 7. Bc3 Qf4 8. Qh3
Qc1+ 9. Ke2 Qxc2+ 10. Nbd2 d6 11. d4 Bxh3 12. dxc5 dxc5 13. gxh3 Nd7 14. Bg2
Rae8 15. Rhc1 Qa4 16. Kf1 Qa6+ 17. Kg1 Nf6 18. Re1 Rd8 19. Bf1 Qd6 20. Nc4 Qe6
21. Ncxe5 Nh5 22. Ng4 Rd3 23. Bxd3 Rd8 24. Nfe5 Nf4 25. Bc2 Rd2 26. Bxd2 Nxh3+
27. Kf1 f6 28. Nxf6+ Qxf6 29. Ng4 Qxb2 30. Rec1 Qd4 31. Be3 Qc4+ 32. Kg2 Ng5 33.
Rab1 Nxe4 34. Bb3 1-0

[Event "AUTO-OPEN-3180"]
[Site "http://www.queenalice.com/game.php?id=1253660"]
[Date "2014.2.3"]
[Round "1"]
[White "acm_chessmaster"]
[Black "daviciranda"]
[Result "1-0"]
[WhiteElo "1823"]
[BlackElo "1467"]

1. e4 e5 2. Nf3 d6 3. Nc3 Bd7 4. d3 Bc6 5. Be2 h6 6. O-O Nd7 7. Be3 a6 8. d4
exd4 9. Nxd4 Ne7 10. Nxc6 Nxc6 11. Bh5 Nf6 12. Bf3 Be7 13. Nd5 Qd7 14. Nxf6+
Bxf6 15. c3 O-O-O 16. Bg4 Ne5 17. Bxd7+ Nxd7 18. Bd4 Rhe8 19. Re1 Ne5 20. f4 Nc4
21. Bxf6 gxf6 22. b3 Nb6 23. a4 Kb8 24. Qh5 Rh8 25. Qxf7 Rhf8 26. Qg7 h5 27. Qh6
Nd7 28. Qxh5 Rh8 29. Qf3 Nc5 30. b4 Nb3 31. Ra2 Rde8 32. Rb2 Nc5 33. bxc5 dxc5
34. e5 1-0

[Event "AUTO-OPEN-3180"]
[Site "http://www.queenalice.com/game.php?id=1253661"]
[Date "2014.2.3"]
[Round "1"]
[White "daviciranda"]
[Black "acm_chessmaster"]
[Result "0-1"]
[WhiteElo "1469"]
[BlackElo "1840"]

1. d4 d5 2. e3 e6 3. Be2 c5 4. Nf3 c4 5. Bd2 b5 6. a3 Bb7 7. Bc3 a5 8. Nbd2 b4
9. axb4 Nc6 10. b5 Nb4 11. O-O Be7 12. b3 cxb3 13. cxb3 Nh6 14. h3 O-O 15. Ne5
Bd6 16. Ndf3 f6 17. Nd3 Nxd3 18. Qxd3 Bc7 19. Bd1 Qd6 20. Bc2 g6 21. Rfe1 Nf7
22. Nh4 f5 23. Nf3 h6 24. Nh4 g5 25. Qe2 Qh2+ 26. Kf1 Qh1# 0-1

[Event "AUTO-OPEN-3180"]
[Site "http://www.queenalice.com/game.php?id=1253688"]
[Date "2014.2.3"]
[Round "1"]
[White "daviciranda"]
[Black "oevidalr"]
[Result "1-0"]
[WhiteElo "1476"]
[BlackElo "1481"]

1. e4 e5 2. d3 Bc5 3. a3 Nf6 4. Bd2 h6 5. Be2 O-O 6. Bc3 d6 7. Bf3 Nc6 8. h3 Be6
9. Ne2 a6 10. Nd2 Qe7 11. Nc4 b5 12. Nd2 Rab8 13. Nb3 d5 14. Qd2 a5 15. Nxa5 1-0

[Event "AUTO-OPEN-3180"]
[Site "http://www.queenalice.com/game.php?id=1253689"]
[Date "2014.2.3"]
[Round "1"]
[White "oevidalr"]
[Black "daviciranda"]
[Result "0-1"]
[WhiteElo "1499"]
[BlackElo "1458"]

1. e4 e5 2. Nf3 d6 3. Bc4 h6 4. h3 Bd7 5. O-O Bc6 6. a3 Nd7 7. Nc3 a6 8. d3 Be7
9. Be3 Bf6 10. d4 exd4 11. Bxd4 Qe7 12. b4 O-O-O 13. Bxf6 Ngxf6 14. Qd3 Nxe4 15.
Nxe4 Bxe4 0-1

[Event "AUTO-INT-2802"]
[Site "http://www.queenalice.com/game.php?id=1253754"]
[Date "2014.2.4"]
[Round "1"]
[White "daviciranda"]
[Black "Piotr70"]
[Result "0-1"]
[WhiteElo "1442"]
[BlackElo "1590"]

1. d4 e6 2. e4 Nf6 3. e5 Nd5 4. Be2 Nc6 5. Nf3 Bb4+ 6. Bd2 Bxd2+ 7. Qxd2 O-O 8.
Bd3 g6 9. a3 d6 10. exd6 cxd6 11. Qh6 Qf6 12. Nbd2 Qg7 13. Qh3 e5 14. Qh4 Bf5
15. Ne4 Nxd4 16. Nxd4 exd4 17. O-O-O Bxe4 18. Bxe4 Qf6 19. Qg3 Qf4+ 20. Kb1 Qxe4
21. Rhe1 Qf4 22. Qb3 Nb6 23. f3 Qxh2 24. Rxd4 d5 25. Rd2 Rfe8 26. Red1 Rac8 27.
g4 Re2 28. Qd3 Rce8 29. Qb5 Rxd2 30. Rc1 Ree2 31. Qb3 Rxc2 32. Rxc2 Rxc2 33.
Qxc2 Qxc2+ 34. Kxc2 Kg7 35. Kc3 Kf6 36. Kd4 h5 37. Kc5 h4 38. Kd6 h3 39. Kc7 h2
40. Kxb7 Nc4 41. b4 h1=Q 42. Kxa7 Nxa3 43. f4 d4 44. Ka6 d3 45. b5 d2 46. b6
Qa8# 0-1

[Event "AUTO-INT-2802"]
[Site "http://www.queenalice.com/game.php?id=1253755"]
[Date "2014.2.4"]
[Round "1"]
[White "Piotr70"]
[Black "daviciranda"]
[Result "1-0"]
[WhiteElo "1579"]
[BlackElo "1453"]

1. e4 e5 2. Nc3 a6 3. Nf3 d6 4. Bc4 Bd7 5. d4 Nc6 6. b3 h6 7. dxe5 dxe5 8. O-O
Bc5 9. Be3 Bb6 10. Bxb6 cxb6 11. Nd5 Nge7 12. a3 Be6 13. h3 O-O 14. Nxe7+ Qxe7
15. Bxe6 Qxe6 16. Qd5 Qg6 17. Nxe5 Qf6 18. Nd7 Qd8 19. Nxf8 Qxf8 20. b4 Rd8 21.
Qf5 Nd4 22. Qe5 Nxc2 23. Ra2 Nd4 24. Rd1 Nc6 25. Rxd8 Qxd8 26. Qc3 b5 27. Rd2
Qg5 28. Rd7 Ne5 29. Rxb7 Nc4 30. Rd7 Ne5 31. Qc8+ Kh7 32. Rd5 Qg6 33. Rxe5 f6
34. Qf5 fxe5 35. Qxg6+ Kxg6 36. Kh2 Kg5 37. Kg3 h5 38. f4+ exf4+ 39. Kf3 g6 40.
g3 fxg3 41. Kxg3 h4+ 42. Kf3 Kh5 43. e5 g5 44. e6 g4+ 45. hxg4+ Kg5 46. e7 h3
47. e8=Q Kh4 48. Qh5# 1-0

[Event "AUTO-INT-2802"]
[Site "http://www.queenalice.com/game.php?id=1253756"]
[Date "2014.2.4"]
[Round "1"]
[White "daviciranda"]
[Black "FoxInSox"]
[Result "0-1"]
[WhiteElo "1465"]
[BlackElo "1718"]

1. d4 d5 2. e3 Qd6 3. Be2 Qb4+ 4. Nc3 Nf6 5. a3 Qd6 6. Bf3 e5 7. e4 exd4 8. Qxd4
c5 9. Qd2 d4 10. Nb5 Qe5 11. h3 c4 12. Nxd4 Nxe4 13. Qe3 f5 14. Nge2 Bd6 15. Bd2
Nxd2 16. Qxd2 O-O 17. O-O-O Nd7 18. Qc3 Rb8 19. Qxc4+ Kh8 20. Rhe1 b5 21. Qb3
Nc5 22. Qa2 Rf6 23. Nc6 Qe6 24. Nxb8 Qxa2 25. Nc6 Qa1+ 26. Kd2 Qxb2 27. Ncd4
Qxa3 28. Ra1 Qb4+ 29. Kd1 Na4 30. Nc1 Qb2 31. Ncb3 Be6 32. Re3 Bxb3 33. Nxb3 h6
34. Bd5 Nc3+ 35. Kd2 Nxd5 36. Rd3 Bf4+ 37. Kd1 Nc3+ 38. Ke1 Qxc2 39. Nc5 Qe2#
0-1

[Event "AUTO-INT-2802"]
[Site "http://www.queenalice.com/game.php?id=1253757"]
[Date "2014.2.4"]
[Round "1"]
[White "FoxInSox"]
[Black "daviciranda"]
[Result "1-0"]
[WhiteElo "1705"]
[BlackElo "1459"]

1. d4 d5 2. Bg5 h6 3. Bd2 e6 4. Bf4 Bd7 5. Qd3 Bc6 6. Be5 Nd7 7. Nc3 Bb4 8. Bxg7
Qg5 9. Bxh8 a6 10. Nf3 Qh5 11. Qh7 O-O-O 12. e3 Ngf6 13. Bxf6 Nxf6 14. Qd3 Kb8
15. Be2 Qg5 16. Nxg5 hxg5 17. O-O Bd6 18. a4 Rh8 19. b3 g4 20. f4 gxf3 21. Rxf3
Rf8 22. Rxf6 Be7 23. Raf1 Be8 24. e4 dxe4 25. Qxe4 Kc8 26. d5 Bd6 27. dxe6 Bc6
28. Qf5 Kb8 29. Rxf7 Rh8 30. h3 Ka7 31. e7 Rg8 32. Ne4 Bb4 33. Rf8 Rg7 34. e8=Q
Bxe8 35. Rxe8 Ba5 36. Qxa5 Rd7 37. Rff8 b6 38. Ra8+ Kb7 39. Rfb8+ Kc6 40. Rxa6
Rd6 41. Qb5# 1-0

[Event "AUTO-INT-2857"]
[Site "http://www.queenalice.com/game.php?id=1282897"]
[Date "2014.5.20"]
[Round "1"]
[White "daviciranda"]
[Black "beckhamf2000"]
[Result "1-0"]
[WhiteElo "1446"]
[BlackElo "1358"]

1. d4 Nf6 2. e3 d5 3. Be2 c5 4. dxc5 Nc6 5. Bf3 e5 6. Nc3 e4 7. Be2 Bxc5 8. a3
O-O 9. h3 Be6 10. Bb5 Ne5 11. Ba4 1-0

[Event "AUTO-INT-2857"]
[Site "http://www.queenalice.com/game.php?id=1282910"]
[Date "2014.5.20"]
[Round "1"]
[White "cerebro"]
[Black "daviciranda"]
[Result "1-0"]
[WhiteElo "1857"]
[BlackElo "1453"]

1. Nc3 d5 2. d4 e6 3. e4 Bb4 4. Bd2 Bxc3 5. Bxc3 dxe4 6. Qg4 Qf6 7. Qxe4 Nc6 8.
Bb5 Bd7 9. Nf3 a6 10. Ba4 Nge7 11. d5 exd5 12. Qe2 d4 13. Nxd4 O-O 14. Nxc6 Nxc6
15. Bxf6 Rae8 16. Qxe8 1-0

[Event "AUTO-INT-2857"]
[Site "http://www.queenalice.com/game.php?id=1282911"]
[Date "2014.5.20"]
[Round "1"]
[White "daviciranda"]
[Black "cerebro"]
[Result "0-1"]
[WhiteElo "1453"]
[BlackElo "1857"]

1. d4 e6 2. e4 Nc6 3. d5 Ne5 4. Be2 Bc5 5. Bd2 Qf6 6. Nh3 exd5 7. exd5 d6 8. Bc3
Bxh3 9. Bf3 Bxg2 10. Rg1 Nxf3+ 11. Ke2 Qe7+ 12. Kd3 Nxg1 13. Qxg1 Qe4+ 14. Kd2
Qxd5+ 0-1

[Event "AUTO-INT-2857"]
[Site "http://www.queenalice.com/game.php?id=1282920"]
[Date "2014.5.20"]
[Round "1"]
[White "daviciranda"]
[Black "Consultti"]
[Result "0-1"]
[WhiteElo "1492"]
[BlackElo "1599"]

1. d4 d5 2. e3 e5 3. dxe5 Bb4+ 4. Nd2 Qg5 5. a3 Bc5 6. Ngf3 Qf5 7. Be2 Qg6 8.
Nh4 Qg5 9. Ndf3 Qe7 10. Qxd5 c6 11. Qd1 Nd7 12. Nf5 Nxe5 13. Nxe7 Bxe7 14. Nxe5
f6 15. Nc4 Bc5 16. Bf3 Ne7 17. Bd2 O-O 18. Bc3 Bf5 19. Qe2 Rfd8 20. Nd2 Bxc2 21.
O-O Nf5 22. e4 Bd3 23. Qe1 Nd4 24. Rc1 Re8 25. Bxd4 Bxd4 26. b4 Bb2 27. Rc5 Bxa3
28. Rc3 Bxf1 29. Rxa3 Bb5 30. Re3 Rad8 31. Nb3 b6 32. Qc3 Ba4 33. Nd4 c5 34.
bxc5 Rc8 35. Qc4+ Kf8 36. Qxa4 Rxc5 37. Qxa7 Rc1+ 0-1

[Event "AUTO-INT-2857"]
[Site "http://www.queenalice.com/game.php?id=1282921"]
[Date "2014.5.20"]
[Round "1"]
[White "Consultti"]
[Black "daviciranda"]
[Result "1-0"]
[WhiteElo "1547"]
[BlackElo "1506"]

1. d4 d5 2. Nc3 e6 3. Nf3 h6 4. e4 dxe4 5. Nxe4 Be7 6. Bc4 Bd7 7. Bf4 Bc6 8. Ne5
Bxe4 9. Qh5 Bg6 10. Nxg6 Nf6 11. Qb5+ Nfd7 12. Qxb7 Nc6 13. Qxc6 Bf6 14. Bxc7
Qc8 15. Ba6 fxg6 16. Bxc8 Rxc8 17. Qxe6+ Kf8 18. Bd6+ Be7 19. Qxd7 Re8 20. Be5
Kf7 21. Qd5+ Kf8 22. Qf3+ Bf6 23. O-O-O Kf7 24. Qd5+ Re6 25. Qd7+ Be7 26. d5
Rxe5 27. d6 Re8 28. Rhe1 Rd8 29. Qxa7 Rxe1 30. Rxe1 Kg8 31. dxe7 Re8 32. b4 Kh7
33. Qd7 Ra8 34. e8=Q Rxa2 35. Kb1 Ra6 36. Qf8 Rf6 37. Qdxg7# 1-0